000 00575nam a2200229Ia 4500
003 OSt
005 20221005114038.0
006 a|||||r|||| 00| 0
007 ta
008 221004b |||||||| |||| 00| 0 tel d
024 _a56968
037 _cTextual
040 _aCRL
_cCRL
_btel
041 _2tel
_atel
082 _aO32,3N211x, K2
100 _aVivekanandan G.
_9625371
245 0 _aAmmamma
260 _c1963
650 _aMALAYALAM LITERATURE
_938866
942 _hO32,3N211x, K2
_cTEXL
_2cc
999 _c1030090
_d1030090